000 01133cam a2200229 i 4500
005 20251108165347.0
008 250721s1986 le grc 001 0 ara d
082 1 4 _a212
_bم ر ع
100 1 _aالمرعشلي، يوسف عبد الرحمن
_eمعد.
245 1 0 _aفهرس أحاديث تفسير القرآن العظيم الامام الحافظ عماد الدين ابو الفداء اسماعيل بن كثير القرشي الدمشقي المتوفى سنة 774هـ /
_cاعداد يوسف عبد الرحمن المرعشلي، محمد سليم ابراهيم سمارة ، جمال حمدي الذهبي.
250 _aالطبعة الاولى.
264 1 _aبيروت :
_bدار المعرفه،
_c1986.
300 _a334 صفحة.
500 _aيمتازهذا الفهرسيصلاحه لكل طبعات التفسير.
650 1 7 _aالقرآن الكريم.
650 1 7 _aالتفسير.
650 1 7 _aالفهارس.
700 1 _aسمارة، محمد سليم إبراهيم
_eمعد.
700 1 _aالذهبي، جمال حمدي
_eمعد.
942 _2ddc
_cREF
999 _c26013
_d26013